<?xml version="1.0" encoding="UTF-8"?>
<collection xmlns="http://www.loc.gov/MARC21/slim">
<record>
  <controlfield tag="001">168391</controlfield>
  <controlfield tag="005">20260204153543.0</controlfield>
  <datafield tag="024" ind1="7" ind2=" ">
    <subfield code="2">doi</subfield>
    <subfield code="a">10.1080/02640414.2026.2623399</subfield>
  </datafield>
  <datafield tag="024" ind1="8" ind2=" ">
    <subfield code="2">sideral</subfield>
    <subfield code="a">147861</subfield>
  </datafield>
  <datafield tag="037" ind1=" " ind2=" ">
    <subfield code="a">ART-2026-147861</subfield>
  </datafield>
  <datafield tag="041" ind1=" " ind2=" ">
    <subfield code="a">eng</subfield>
  </datafield>
  <datafield tag="100" ind1=" " ind2=" ">
    <subfield code="a">Sitko, Sebastian</subfield>
    <subfield code="u">Universidad de Zaragoza</subfield>
    <subfield code="0">(orcid)0000-0003-0455-6172</subfield>
  </datafield>
  <datafield tag="245" ind1=" " ind2=" ">
    <subfield code="a">Associations between the risk of eating disorders, performance level and sport type during adolescence</subfield>
  </datafield>
  <datafield tag="260" ind1=" " ind2=" ">
    <subfield code="c">2026</subfield>
  </datafield>
  <datafield tag="520" ind1="3" ind2=" ">
    <subfield code="a">Este estudio examina el riesgo de trastornos alimentarios e inadaptación psicológica entre deportistas adolescentes, centrándose en las diferencias de género, los efectos de la edad y la participación deportiva. En esta investigación transversal, se incluyó a un total de 9.171 participantes de entre 11 y 19 años de diversos niveles de rendimiento. Las niñas mostraron un mayor riesgo de trastornos alimentarios e inadaptación psicológica que los niños, con discrepancias que aumentan a niveles de competición más altos. Todos los aspectos de los trastornos alimentarios empeoraron con la edad y la maduración en las niñas, mientras que los niños no mostraron cambios significativos. Los adolescentes físicamente inactivos presentaron el mayor riesgo de trastornos alimentarios e inadaptación psicológica. Los deportistas de competición presentaron menores riesgos en comparación con sus compañeros no competitivos. Entre los deportistas de competición, los niños mostraron un menor riesgo a niveles de competición más altos, mientras que las niñas que compiten a nivel internacional mostraron peores puntuaciones. El tipo de deporte también influyó en los perfiles de riesgo, asociándose cada deporte a un menor riesgo, especialmente en los niños que compiten en deportes de resistencia y las niñas en gimnasia. Estos hallazgos resaltan la necesidad de intervenciones y sistemas de apoyo personalizados que aborden las necesidades específicas de cada género y los desafíos únicos que enfrentan los deportistas adolescentes, especialmente en los niveles de élite. Promover un entorno deportivo de apoyo puede mejorar el bienestar integral de los atletas jóvenes, mitigando los riesgos de trastornos alimentarios y mejorando su salud psicológica.</subfield>
  </datafield>
  <datafield tag="506" ind1="0" ind2=" ">
    <subfield code="a">Access copy available to the general public</subfield>
    <subfield code="f">Unrestricted</subfield>
  </datafield>
  <datafield tag="540" ind1=" " ind2=" ">
    <subfield code="9">info:eu-repo/semantics/embargoedAccess</subfield>
    <subfield code="a">by-nc</subfield>
    <subfield code="u">https://creativecommons.org/licenses/by-nc/4.0/deed.es</subfield>
  </datafield>
  <datafield tag="655" ind1=" " ind2="4">
    <subfield code="a">info:eu-repo/semantics/article</subfield>
    <subfield code="v">info:eu-repo/semantics/acceptedVersion</subfield>
  </datafield>
  <datafield tag="700" ind1=" " ind2=" ">
    <subfield code="a">Oviedo-Caro, Miguel Ángel</subfield>
  </datafield>
  <datafield tag="700" ind1=" " ind2=" ">
    <subfield code="a">Mayolas-Pi, Carmen</subfield>
    <subfield code="u">Universidad de Zaragoza</subfield>
    <subfield code="0">(orcid)0000-0003-0721-2447</subfield>
  </datafield>
  <datafield tag="700" ind1=" " ind2=" ">
    <subfield code="a">Pano-Rodriguez, Alvaro</subfield>
  </datafield>
  <datafield tag="700" ind1=" " ind2=" ">
    <subfield code="a">Munguía-Izquierdo, Diego</subfield>
  </datafield>
  <datafield tag="700" ind1=" " ind2=" ">
    <subfield code="a">Moliner-Urdiales, Diego</subfield>
  </datafield>
  <datafield tag="700" ind1=" " ind2=" ">
    <subfield code="a">Reverter-Masia, Joaquín</subfield>
  </datafield>
  <datafield tag="700" ind1=" " ind2=" ">
    <subfield code="a">Legaz-Arrese, Alejandro</subfield>
    <subfield code="u">Universidad de Zaragoza</subfield>
    <subfield code="0">(orcid)0000-0003-2644-9386</subfield>
  </datafield>
  <datafield tag="710" ind1="2" ind2=" ">
    <subfield code="1">1006</subfield>
    <subfield code="2">245</subfield>
    <subfield code="a">Universidad de Zaragoza</subfield>
    <subfield code="b">Dpto. Fisiatría y Enfermería</subfield>
    <subfield code="c">Área Educación Física y Depor.</subfield>
  </datafield>
  <datafield tag="773" ind1=" " ind2=" ">
    <subfield code="g">(2026), 1-13</subfield>
    <subfield code="p">J. sports sci.</subfield>
    <subfield code="t">Journal of Sports Sciences</subfield>
    <subfield code="x">0264-0414</subfield>
  </datafield>
  <datafield tag="856" ind1="4" ind2=" ">
    <subfield code="s">794568</subfield>
    <subfield code="u">http://zaguan.unizar.es/record/168391/files/texto_completo.pdf</subfield>
    <subfield code="y">Postprint</subfield>
    <subfield code="z">info:eu-repo/date/embargoEnd/2027-01-29</subfield>
  </datafield>
  <datafield tag="856" ind1="4" ind2=" ">
    <subfield code="s">1015061</subfield>
    <subfield code="u">http://zaguan.unizar.es/record/168391/files/texto_completo.jpg?subformat=icon</subfield>
    <subfield code="x">icon</subfield>
    <subfield code="y">Postprint</subfield>
    <subfield code="z">info:eu-repo/date/embargoEnd/2027-01-29</subfield>
  </datafield>
  <datafield tag="909" ind1="C" ind2="O">
    <subfield code="o">oai:zaguan.unizar.es:168391</subfield>
    <subfield code="p">articulos</subfield>
    <subfield code="p">driver</subfield>
  </datafield>
  <datafield tag="951" ind1=" " ind2=" ">
    <subfield code="a">2026-02-04-13:15:05</subfield>
  </datafield>
  <datafield tag="980" ind1=" " ind2=" ">
    <subfield code="a">ARTICLE</subfield>
  </datafield>
</record>
</collection>